[Event "Olympiad-34"]
[Site "Istanbul"]
[Date "2000.10.29"]
[Round "2.3"]
[White "Hansen, Lars Bo"]
[Black "Tiviakov, Sergei"]
[Result "1/2-1/2"]
[WhiteElo "2562"]
[BlackElo "2608"]
[Annotator "Wells,P"]
[PlyCount "89"]
[EventDate "2000.10.28"]
[EventType "team-swiss"]
[EventRounds "14"]
[EventCountry "TUR"]
[SourceTitle "EXT 2001"]
[Source "ChessBase"]
[SourceDate "2000.11.22"]
[SourceVersion "1"]
[SourceVersionDate "2000.11.22"]
[SourceQuality "1"]
[WhiteTeam "Denmark"]
[BlackTeam "Netherlands"]
[WhiteTeamCountry "DEN"]
[BlackTeamCountry "NED"]

1. d4 Nf6 2. c4 e6 3. Nc3 Bb4 4. e3 O-O 5. Nge2 {In terms of its popularity
this is still a beneficiary of black's toughness in the main lines of the 4...
0-0 Rubinstein.} d5 6. a3 Be7 7. cxd5 Nxd5 $5 {In CBM 70 I expressed the view
that it is in the more fluid structures which flow from this move that the
onus is really on white to show that he has something. The passage of time has
done nothing much to challenge this - I still like the move!} 8. Qc2 (8. g3
Nxc3 $1 9. Nxc3 c5 10. d5 (10. dxc5 $5 {is in my view probably the best move,
although it should not really cause black any difficulties. Still, Mikhail
Gurevich beat both Ligterink and myself from this dry position!} Qxd1+ 11. Kxd1
Bxc5 12. Bg2 Nd7 $6 {A bit too fancy. I should have followed my instincts and
tried to create play against white's king, rather than getting too het up
about the d5 square.} (12... Nc6 $1 13. Kc2 e5 14. b4 Bb6 15. Bb2 Be6 16. Bd5
Rac8 (16... Nd4+ $5 17. exd4 exd4 18. Bxe6 dxc3 19. Bxc3 fxe6 $11 {-M.Gurevich.
}) 17. Kb3 Nd4+ $1 18. exd4 Rxc3+ 19. Kxc3 Bxd4+ $6 (19... Bxd5 $1 $44 {
M. Gurevich}) 20. Kc4 Rc8+ 21. Kd3 Bxb2 22. Bxe6 Rd8+ 23. Ke4 Bxa1 24. Rxa1
fxe6 25. Rc1 $14 {1-0 Gurevich,M-Ligterink,G/NLD-chT 1998/CBM 67 (62)}) 13. Bd2
Be7 14. Kc2 Rb8 15. Rhd1 b5 16. e4 $1 a5 17. Bf4 Rb7 18. Bd6 Bxd6 {1-0
Gurevich,M-Wells,P/ Andorra zt 1998 (50) CBM 68 (M.Gurevich).} 19. e5 $1 $14)
10... Bf6 $1 11. Bg2 Bxc3+ $1 12. bxc3 exd5 13. Qxd5 Qe7 {[%csl Rc3] Shaked -
Kramnik, Tilburg 1997 CBM 61 (Winants) , and black can in my opinion already
aspire to some superiority on the light squares.}) 8... Nd7 9. Ng3 (9. e4 Nxc3
10. Nxc3 c5 11. d5 Nb6 $1 {looks more logical and sounder than} (11... Bf6 12.
dxe6 fxe6 13. f4 e5 $6 {[%csl Rd5]} (13... Bd4 $132 {[%csl Gd4] may be OK
though.}) 14. f5 Kh8 15. Be3 Bg5 16. Bf2 $1 b6 17. Rd1 a6 18. Bc4 Qe8 19. O-O
Bb7 20. Rd6 $1 {[%csl Ye6] a full menu of weak squares!} Be7 21. Re6 Rf6 22.
Bd5 $1 Rb8 23. Bg3 b5 24. Bxb7 Rxb7 25. Nd5 Rxe6 26. fxe6 Nf8 27. Qf2 Ng6 (
27... Nxe6 28. Qf7) 28. Bxe5 Nxe5 29. Nxe7 Ng6 30. Nxg6+ hxg6 31. Qf7 $1 {
1-0 Conquest,S-Stefansson,H/Varadero 2000/CBM 77.}) 12. dxe6 Bxe6 13. Be2 Bf6 {
[%cal Yf6c3] gives black a comfortable game with good diagonals for his
bishops: Giorgadze - V.Salov, President's Cup 1998. CBM 65 (Psakhis).}) (9. g3
Nxc3 10. Nxc3 c5 $5 (10... e5 $5 {succeeds in saddling white with the
'isolani' but he also obtains the customary activity.} 11. Bg2 exd4 12. exd4
Bf6 13. Be3 Nb6 14. O-O c6 15. Rad1 Bg4 $1 16. f3 Be6 17. Ne4 Re8 18. Bf2 Bd5
$1 {[%csl Gd5] In terms of ' key square coverage' this is a better blockader
than the knight here.} 19. Rfe1 Be7 20. Rd2 Bf8 21. Rde2 Re6 22. Nc5 Rxe2 23.
Qxe2 Qc7 24. g4 $1 {Black, in spite of the positive placing of some of his
pieces, has not entirely neutralised the free piece play which constitutes
white's compensation for the isolated queen's pawn.} f6 25. Bg3 Qf7 26. h4 Rd8
27. Bh3 g6 28. Bf4 Bc4 29. Qe4 $13 {1/2-1/2 Corral Blanco,J-Topalov,V/Cala
Galdana 1999/EXT 2000 (86)}) 11. dxc5 Nxc5 12. b4 Nd7 13. Bg2 a5 $1 {an
important break in several variations here. White's b-pawn can become
vulnerable, and if black can develop his queen-side then he has promising
squares on offer} 14. Rb1 axb4 15. axb4 Qc7 16. O-O Nb6 {[%csl Gc4]} 17. Qb3
Bd7 18. b5 Rfc8 {with a fair share of the play for black in 1/2-1/2 Gurevich,
D-Kortschnoj,V/Beersheba 1987/CBM 05 (41)}) (9. Bd2 N5f6 $1 {[%cal Gc7c5] here
too, this looks like a logical reorganisation.} (9... Nxc3 10. Bxc3 $14)) 9...
Nxc3 {There is nothing much wrong with this exchange, but the symmetrical
structures which will arise if black retreats the knight in order to prod
white's centre with ...c5 seem to me to hold few dangers. White's pieces,
especially the knight on g3 are not especially well placed.} (9... N5f6 $5 10.
Be2 c5 11. dxc5 Bxc5 12. b4 Be7 13. O-O b6 14. e4 (14. Qb3 Bb7 15. e4 Qc7 $6
16. Be3 Rac8 17. Rac1 Qb8 {Finding the right square!} 18. f4 Qa8 19. f5 e5 20.
Rfd1 Nb8 21. Bc4 Nc6 22. Nd5 Nxd5 23. Bxd5 $14 {1-0 Najer,E-Belikov,V/Moscow
1996/EXT 2000 (52)}) 14... Bb7 15. Be3 Qb8 $1 {I hope that to praise the
set-up Qb8; Ra8&c8 is not just 'analysis by result'! There is no doubt that
the ...a5 break did reveal a certain looseness in white's set-up.} 16. Qb3 Rc8
17. f4 {I suppose that without the moves e4 and f4 white cannot really create
any play, but after these white can also be worse if his attack fails to bite.
In the game his position looks very loose.} a5 18. Rab1 axb4 19. axb4 Qa7 $1 {
[%csl Rc3][%cal Ga7a3,Ga3e3]} 20. Bb5 Qa3 21. Bd4 Qxb3 22. Rxb3 Rd8 23. f5 $6
Rac8 24. e5 Ng4 25. Re1 Nc5 $1 {A terrible blow!} 26. bxc5 (26. Bxc5 bxc5 27.
fxe6 cxb4 28. exf7+ Kxf7 29. Na4 Rc2 $17) 26... Rxd4 27. fxe6 Bxc5 28. exf7+
Kxf7 29. e6+ Kg6 30. Kh1 Nf2+ 31. Kg1 Nd3 32. e7 Re4+ {0-1 Najer,
E-Kasimdzhanov,R/Zagan 1997/CBM 59 ext (32)}) (9... c5 {turned comfortably
enough for black in its high-level debut after} 10. Bd3 ({but perhaps} 10. Nxd5
$5 exd5 11. Bd3 cxd4 (11... g6 12. dxc5 Nxc5 13. O-O (13. Be2 $5)) 12. Bxh7+
Kh8 13. Bf5 dxe3 14. Bxe3 $14) 10... N5f6 11. O-O b6 12. dxc5 Nxc5 13. Be2 Bb7
14. b4 Ncd7 {this position should be still more comfortable for black than the
structurally similar ones arising from 9...N5f6.} 15. Bb2 a5 16. Qb3 axb4 17.
axb4 Qb8 18. Bb5 Rxa1 19. Rxa1 Rd8 20. Rd1 Nf8 21. Na4 Bd5 22. Qc2 Rc8 23. Qd3
{1/2-1/2 Spassky,B-Smyslov,V/Amsterdam 1956/Candidates (23)}) 10. bxc3 c5 11.
Bd3 Nf6 (11... h6 12. O-O Nf6 13. f4 $5 Qc7 14. Qe2 Rd8 15. Bb2 Bd7 16. e4 cxd4
17. cxd4 Bc6 18. f5 (18. Kh1 $5 {black seems to lack counterplay.}) 18... Qb6
19. Kh1 Rxd4 $1 {A good, and I suspect very necessary defensive exchange
sacrifice. The loss of the b2 bishop seriously limits white's attack, and
leaves black with fair dark-square compensation.} 20. Bxd4 Qxd4 21. fxe6 fxe6
22. Bc4 (22. e5 $5) 22... Qe5 23. Nf5 Bc5 24. Nh4 Re8 $13 {1/2-1/2 Taimanov,
M-Bannik,A/Leningrad 1956/URS-ch (62)}) 12. O-O Qc7 13. c4 h6 (13... Bd7 $6 14.
d5 $36) 14. Bb2 Bd7 15. Rac1 Rfe8 16. Qe2 cxd4 17. exd4 Qf4 $1 {A quite
frequently seen motif against the hanging pawns. With the knight slightly
awkwardly placed on g3, black's queen is quite safe on f4or h4, and defends
from the front, so to speak.} 18. Bb1 Bd6 19. Rc3 Bc6 20. Re3 Kf8 $1 {A
sensible prophylaxis against ideas of Qd3 in conjunction with d5 which can
create concrete threats against the king while on g8.} 21. Qd3 Qh4 22. h3 Bf4
23. Ree1 Qg5 {Tiviakov has secured good squares for all his pieces, and it is
hard to suggest a good plan for white.} 24. Ba2 b5 $1 25. d5 $5 {Probably a
good practical decision - white prefers to give a pawn but retain good white
square influence with an excellent knight rather than conceed the mass of
squares which would fall to his opponent if the c4 pawn is exchanged or moved.}
bxc4 26. Bxf6 gxf6 27. Bxc4 Bxd5 (27... exd5 $6 {is 'positionally' desirable,
but taking on this shattered king-side, it is really necessary to change
queens.} 28. Ba2 $13) 28. Bxd5 Qxd5 ({Prioritising the positional over the
dynamic with} 28... Rad8 {would after} 29. Ne4 Rxd5 30. Qc3 {lead to quite
unnecessary risks.}) 29. Qxd5 exd5 30. Nf5 Re5 $6 31. g4 h5 32. Rd1 hxg4 33.
hxg4 Rd8 34. Kg2 $11 {White should have enough - black soon in turn returns
the pawn to activate his remaining pieces with a certain draw.} Ke8 35. Rd4 Re4
36. Rxe4+ dxe4 37. Re1 e3 38. Kf3 Be5 39. Rxe3 Rd2 40. Rb3 Ra2 41. Rd3 Bc7 42.
Re3+ Kd8 43. Rd3+ Ke8 44. Re3+ Kd8 45. Rd3+ 1/2-1/2

[Event "EU-ch 2nd"]
[Site "Ohrid"]
[Date "2001.06.06"]
[Round "6"]
[White "Shulman, Yuri"]
[Black "Lautier, Joel"]
[Result "1-0"]
[WhiteElo "2551"]
[BlackElo "2658"]
[Annotator "Wells,P"]
[PlyCount "109"]
[EventDate "2001.06.01"]
[EventType "swiss"]
[EventRounds "13"]
[EventCountry "YUG"]
[SourceTitle "CBM 084"]
[Source "ChessBase"]
[SourceDate "2001.09.13"]
[SourceVersion "1"]
[SourceVersionDate "2001.09.13"]
[SourceQuality "1"]

1. d4 Nf6 (1... d5 2. c4 c6) 2. c4 e6 3. Nc3 Bb4 4. e3 O-O 5. Nge2 $5 {
Suddenly a very serious fashion for this move is developing. A tribute to the
solidity of the Queen's Indian, not to mention the main lines of the Nimzo.} d5
({Having had my change of heart regarding the move 7...Nxd5 ( see below ) I
sought another way to avoid the Carlsbad structure against Epishin, and was
fairly satisfied with the idea} 5... Re8 $5 6. a3 Bf8) 6. a3 Be7 7. cxd5 exd5 (
{Time to admit a mistake I fear. In recent commentaries I have been saying that
} 7... Nxd5 {is the move that white needs to sort out first. I thought it
seemed to be equalising after either of the main moves 8 Qc2 or 8 g3. I still
think that is the case, but when preparing for Epishin, I became worried by
his treatment of the position:} 8. Bd2 $5 Nd7 9. Qc2 c5 (9... N5f6 10. g3 e5
11. Rd1 exd4 12. Nxd4 Ne5 13. f4 $14) 10. Rd1 N5f6 11. g3 {and I suspect black
is falling short of =.} b6 (11... b5 12. Bg2 Rb8 13. dxc5 Nxc5 14. Nd4 Bb7 15.
Bxb7 Rxb7 16. b4 $14 {Wells}) 12. Bg2 Rb8 13. O-O Bb7 (13... Ba6 14. Qa4 Qc8
15. Nb5 $5 cxd4 (15... Bxb5 16. Qxb5 a6 17. Qa4 b5 18. Qc2 $14) 16. Nxa7 Qc4
17. Qxc4 Bxc4 18. Rfe1) 14. e4 cxd4 15. Nxd4 a6 16. Rfe1 $14 Qc7 17. Nd5 Nxd5
18. exd5 Qxc2 19. Nxc2 Bf6 20. Bf4 e5 21. Be3 a5 22. a4 Rfc8 23. Na3 Nc5 24.
Bxc5 Rxc5 25. Nb5 Rd8 26. d6 Bxg2 27. Kxg2 Kf8 28. Rc1 Rdc8 (28... Rxc1 29.
Rxc1 e4 30. b3 $16 {[%csl Rb6,Yd6]}) 29. Nc7 Bd8 (29... Rxc1 $16) 30. Rxc5 bxc5
31. Rxe5 {1-0 Epishin,V-Gross,D/4th OIBM, Bad Wiessee GER 2000/[Wells] (31)})
8. b4 c6 {The standard 'Carlsbad' move. I still stand by my previous advocacy
of the interesting idea} (8... b6 $5 9. Nf4 ({The point is that} 9. Ng3 $5 {
can be met by} c5 $1 {when black will be active before white is fully
developed. The question still remains however, what can he make of this? After}
10. bxc5 bxc5 11. dxc5 Bxc5 12. Be2 Nc6 (12... d4 $6 13. Na4 $14) 13. O-O Rb8
$5 {[%csl Yb2][%cal Gb8b2]} 14. Na4 $1 Bd6 15. Bb2 {If white is to seek an
edge in this line it is probably here.}) 9... c6 10. Bd3 Bd6 $1 {after which
white constantly has to reckon with the exchange on f4} 11. O-O (11. Nfe2 Re8
12. Ng3 (12. O-O Bxh2+ $5 13. Kxh2 Ng4+ 14. Kg3 h5 15. Rh1 h4+ 16. Rxh4 Nxf2 {
looks promising for black.}) 12... c5 (12... a5 $5 13. b5 c5) 13. Nb5 Bxg3 14.
hxg3 a6 15. Bxh7+ $1 Nxh7 16. Qh5 axb5 17. Qxh7+ Kf8 18. Qh8+ Ke7 19. Qxg7 Rg8
20. Qh7 Nd7 21. dxc5 Nf6 {0-1 Giorgadze,G-Adams,M/Groningen 1997/CBM 63 (43)
and white's three pawns are about sufficient compensation, but not more.})
11... Ba6 $5 ({or perhaps more simply} 11... Bxf4 $5 12. exf4 Ba6 {which on
the face of it seems to simply initiate a very reasonable set of exchanges.})
12. b5 Bxb5 13. Nxb5 cxb5 14. Nh5 (14. Bxb5 a6 15. Bd3 Bxf4 16. exf4 Nc6 {
should also be fine for black.}) 14... Nxh5 15. Qxh5 g6 16. Qf3 a6 17. Bb2 {
1/2-1/2 Shulman,Y-Zagrebelny,S/Dhaka 1999/CBM 70_07 (17)} (17. g3 Be7) 17...
Nc6 18. e4 Rc8 {looks promising for black, who has a great square on c4 for
his knight} 19. exd5 Na5 {[%cal Ya5c4]}) 9. Ng3 Re8 10. Bd3 Nbd7 11. O-O Nb6
12. b5 $1 {[%mdl 8] A very appealingly direct move in a familiar position.
White makes a convincing case for the claim that the moves ...c5 and a later ..
.d4 by no means solve all black's problems.} c5 13. dxc5 Bxc5 14. Na4 $1 Nxa4
15. Qxa4 d4 {Absolutely the natural move, but in the forthcoming structure
white's minor pieces definitely look the more comfortable.} (15... Ng4 16.
Bxh7+ Kxh7 17. Qc2+) (15... Qe7 16. Bb2 $14) 16. Qc2 Bb6 17. e4 $1 Ng4 18. h3
Ne5 19. f4 Nxd3 20. Qxd3 Bd7 21. Bd2 a6 22. bxa6 Rxa6 23. Bb4 $14 {[%csl Yb4,
Rb6]} Ba7 (23... Qh4 $5) 24. Rac1 Rc6 25. e5 Qb6 26. Ne4 Bf5 27. Kh2 h6 (27...
Rec8 $2 28. Nf6+ $16) 28. Qf3 Bxe4 29. Qxe4 Qb5 30. Rcd1 Rc4 31. Rfe1 Qc6 32.
Rd2 Qc8 33. Rd3 Qc6 34. Rd2 Bb6 35. Rd3 Rc2 36. Re2 Qxe4 37. Rxe4 g6 38. Re1
Ba7 39. Kg3 Rec8 40. Kf3 h5 41. g4 $16 Rh2 42. Ke4 hxg4 43. hxg4 Re8 44. g5 Rc8
45. Kd5 Rh4 46. Rb1 b5 47. Rf1 Rc2 48. Rff3 Rc4 49. Be7 Rc7 50. Bf6 Rc5+ 51.
Kd6 Rc1 52. Rh3 Rh1 53. Rxh4 Rxh4 54. Rd1 Kh7 55. Rc1 1-0

[Event "EU-ch 2nd"]
[Site "Ohrid"]
[Date "2001.06.10"]
[Round "9"]
[White "Epishin, Vladimir"]
[Black "Wells, Peter K"]
[Result "1/2-1/2"]
[WhiteElo "2579"]
[BlackElo "2522"]
[Annotator "Wells,P"]
[PlyCount "68"]
[EventDate "2001.06.01"]
[EventType "swiss"]
[EventRounds "13"]
[EventCountry "YUG"]
[SourceTitle "CBM 084"]
[Source "ChessBase"]
[SourceDate "2001.09.13"]
[SourceVersion "1"]
[SourceVersionDate "2001.09.13"]
[SourceQuality "1"]

1. d4 Nf6 2. c4 e6 3. Nc3 Bb4 4. e3 O-O 5. Nge2 Re8 $5 6. a3 Bf8 {As I
mentioned in the text, once the rook is brought into play, the bishop often
behaves like a homing pigeon. Are the minor pieces really optimally deployed
at the commencement of play? Food for thought!} 7. d5 d6 8. g3 exd5 9. cxd5 c5
{Following Bacrot's recipe. Black needs to reclaim some space. What of the
Benoni position if white eschews the capture on c6? Well, black can look to
his opponent's weakened light squares for play. However, I think the decision
is an interesting one, and I was surprised at the speed with which Epishin
took.} 10. dxc6 bxc6 11. Bg2 d5 12. O-O Nbd7 {This is the position which I
find interesting for assessing the balance between black's (in my view rather
slight ) pawn weakness, and his chances for activity.} 13. Qc2 (13. Nd4 Bb7 14.
Re1 c5 15. Nde2 Qb6 16. Nf4 d4 17. Ncd5 Nxd5 18. Nxd5 Qd6 19. e4 Qb8 20. Bf4
Bd6 21. Qg4 Re6 22. Qh5 {1/2-1/2 Giorgadze,G-Bacrot,E/Groningen 1997/CBM 63 
(22)}) 13... Ne5 14. Rd1 Qb6 {Not a bad move, but I was trying to make} (14...
Bg4 {work. I seemed to be annoyed by the lack of tactics after} 15. h3 Nf3+ $2
({but there is surely a good positional option in} 15... Bf3 $5 $13) 16. Kh1
Bh5 17. Nf4 $16) 15. h3 (15. Na4 Qa6 16. Nd4 Bg4 17. f3 Bh5 $132) 15... g6 $1 {
[%cal Gc8f5]} 16. Nd4 $6 {Very strange. I have the feeling that my opponent
was fixated on my structural weaknesses almost as much as I was upon my
tactical counterchances. But, inviting the hanging pawns forward is a double
edged game!} (16. Na4 Qa6 17. Nd4 Ne4 {was for me the main line. Again, I
susoect my counterplay just suffices.}) 16... c5 17. Na4 Qd6 18. Nb5 (18. Nb3
Bf5 19. Qxc5 Qd7 20. Qd4 Bxh3 $132) 18... Qc6 19. Nbc3 Bxh3 $1 {and here it is.
This is not the forum for examining how I messed up the attack. Suffice to say
this should decide the game.} 20. Bxh3 Nf3+ 21. Kf1 d4 22. e4 dxc3 23. Nxc3
Nxe4 24. Qa4 Ned2+ 25. Bxd2 Nxd2+ 26. Kg1 Nf3+ $2 $138 (26... Qxa4 27. Nxa4 Nb3
{OK, still some technical problems, but...}) 27. Kg2 Nh4+ 28. Kg1 Nf3+ 29. Kg2
Qb7 30. Qb5 $1 Nh4+ 31. Kg1 Nf3+ 32. Kg2 Nh4+ 33. Kg1 Nf3+ 34. Kg2 Nh4+ 1/2-1/2

[Event "RUS-Cup03 Geller Memorial"]
[Site "Moscow"]
[Date "1999.02.11"]
[Round "2"]
[White "Pres, Grigorij"]
[Black "Kharitonov, Andrei Y"]
[Result "1/2-1/2"]
[WhiteElo "2350"]
[BlackElo "2560"]
[Annotator "Wells,P"]
[PlyCount "70"]
[EventDate "1999.02.10"]
[EventType "swiss"]
[EventRounds "9"]
[EventCountry "RUS"]
[SourceTitle "CBM 070"]
[Source "ChessBase"]
[SourceDate "1999.06.08"]
[SourceVersion "1"]
[SourceVersionDate "1999.06.08"]
[SourceQuality "1"]

1. d4 Nf6 2. c4 e6 3. Nc3 Bb4 4. e3 O-O 5. Nge2 d5 6. a3 Be7 7. Nf4 c6 8. Bd2 {
A solid but rather unambitious system.} (8. Bd3 dxc4 $5 (8... Nbd7 9. cxd5 Nxd5
) 9. Bxc4 Nbd7 10. Qc2 e5 11. Nfe2 exd4 12. Nxd4 Ne5 13. Be2 Bc5 14. Nf5 g6 15.
Ng3 Bg4 16. O-O Bxe2 17. Ncxe2 Qe7 18. b3 Rad8 $11 {0-1 Shirov,A-Kramnik,V/
Dortmund 1998/CBM 66 (64)}) 8... Nbd7 9. cxd5 exd5 ({I seem to have a
psychological preference for capturing on e5 with the knight, and here too} 
9... Nxd5 $5 {looks interesting to me} 10. e4 N5b6 (10... Nxf4 $5 11. Bxf4 {
Leads to a position which seems to be fine for black with the extra move Bd3
for white! Perhaps} e5 $5 (11... c5 12. d5 Nb6 13. d6 {is a disadvantage of
the extra tempo!}) 12. dxe5 (12. Bxe5 Nxe5 13. dxe5 Qb6 $44) 12... Qc7 $44) 11.
e5 {Otherwise ...e5 comes. I find white's minor pieces clumsy.} (11. e5 c5 12.
Be3 cxd4 13. Bxd4 {1-0 Smyslov,V-Lukacs,P/Rome 1988/CBM 07 (41)} Nc5 $1 $132 {
[%cal Yc5b3]})) 10. Bd3 Re8 (10... Bd6 $5 11. Qf3 $6 (11. O-O Bxf4 12. exf4 Nb6
{also looks OK for black.}) 11... Re8 12. g4 Qe7 13. g5 Ne4 14. h4 b5 $132 {
0-1 Morovic Fernandez,I-Rogers,I/Cala Galdana 1994/EXT 97 (40)}) 11. O-O Nf8 (
11... Bd6 $5) 12. f3 Ng6 13. Nxg6 hxg6 14. Qe2 (14. Qc2 $5 Be6 15. Ne2 Qd7 16.
e4 $14) 14... Bd6 $6 {Missing the moment} (14... Bf5 $5 {forces either a
desirable exchange or pressure on white's centre after} 15. e4 dxe4 (15... Bd6
16. Qf2 dxe4 17. fxe4 Ng4) 16. fxe4 Be6 $1 17. Be3 Ng4 $132) (14... c5 15. dxc5
Bxc5 16. b4 $140 Bxe3+ 17. Bxe3 d4 18. Ne4 dxe3 19. Qxe3 {also looks a better
bet for black than the move played.}) 15. Qf2 $1 Bf5 16. Be2 $1 {The point.
White can avoid the exchange, and although thus retreating makes a passive
impression, black has little to offer against white's king-side expansion.} (
16. e4 $2 dxe4 17. fxe4 Ng4 $17) 16... Rc8 (16... c5 $5) 17. g4 Be6 18. b4 $1 {
Pushing pawns in front of his king, white is keen to keep the centre closed.}
Rc7 19. h3 Bc8 20. Bd3 Bf8 21. Kg2 $36 {Black has no plan, while white has a
choice of the minority attack, or playing on the h-file with Rh1 and h4-h5.} b6
22. Rfc1 Bb7 23. Rc2 Bd6 24. Rb1 Rce7 25. a4 Re6 26. a5 Qe7 27. Na4 Nd7 28. Nc5
$1 {A not unusual idea in positions where one player has a space advantage on
both wings. Basically white uses his queenside superiority to close the play
there - and render black's b7 bishop rather useless in the meantime - in order
to concentrate on the king-side without fear of counterplay.} Bxc5 (28... bxc5
29. bxc5 Nxc5 30. dxc5 Be5 31. f4 Bb8 32. Rcb2 {is the tactical justification.}
) 29. bxc5 b5 30. Re1 (30. Rh1 $5 $40 {[%csl Rb7][%cal Yh3h5,Ge8e3,Yd2e3]
Black's problem is essentially that his entire fire power is directed against
a solidly and efficiently defended point. Black has no realistic plan to
increase that 'pseudo-pressure'.}) 30... Qd8 31. Re2 {It is difficult to
understand why white wants the rook here. To break with e4 would be most
inappropriate as implied in the last note, suddenly offering black's impotent
major pieces a role. Why not Rh1, h4-h5 etc?} Nf6 32. Rc1 Bc8 33. Qg3 Nh7 34.
h4 R6e7 35. Kf2 Nf6 {[%cal Gc1h1,Gh4h5] A let off for black. White has hardly
been making progress, but the fundamental objections to black's position
remain, as does the possibility for white to play onthe king-side.} 1/2-1/2